| 000 | 00716cam1a220022900 4500 | ||
|---|---|---|---|
| 001 | lce00962297 | ||
| 008 | 740408c19741975nyua b 001 0 eng | ||
| 010 | _a 74007084 | ||
| 020 |
_a0471365505 _a0471365513 (pbk.) |
||
| 035 | _a(Sirsi) r54707 | ||
| 035 | _a(DLC) 74007084 | ||
| 035 | _a(UPRA)lce00962297 | ||
| 050 | 0 |
_aQK47 _b.H33 |
|
| 082 | _a581 | ||
| 100 | 1 |
_aHaynes, James D., 1934- _dHaynes, James D., 1934- _6A13509.1 |
|
| 245 | 1 | 0 |
_aBotany: _ban introductory survey of the plant kingdom _c[by] James D. Haynes. |
| 260 |
_aNew York, _bWiley _c[1974, c1975] |
||
| 504 | _aBibliography: p. 486-490. | ||
| 650 | 0 |
_aBotany. _6S817.1 |
|
| 949 |
_aQK47 _wlcc _i-70564 _mMAIN _tBOOK _lON-SHELF |
||
| 004 | 54707 | ||
| 999 |
_c140927 _d140927 |
||